| 000 | 004440000a22001690004500 | ||
|---|---|---|---|
| 003 | MACL | ||
| 005 | 20160109134238.0 | ||
| 008 | 160109b xxu||||| |||| 00| 0 eng d | ||
| 040 |
_aMACL _cMACL |
||
| 041 | _aEnglish | ||
| 082 | _a920/SLO | ||
| 100 |
_aSloane, William Milligan _930431 |
||
| 245 |
_aThe Life of Napoleon Bonaparte _bVOL 2 |
||
| 260 |
_bThe Century Co _c1910 _aNew York |
||
| 650 |
_aBiography _930432 |
||
| 942 |
_cBK _k920/SLO _2ddc |
||
| 999 |
_c36871 _d36871 |
||